000 01955nam a2200253 a 4500
001 000024852
005 20200930023416.0
008 101125s1964 mx a r 001 f spa d
040 _aDO-SdBNP
_bspa
_cBNPHU
082 _a843.7
_aS825ó, 1964
100 1 _aStendhal
_q(Henri Beyle)
_d1783-1842
_913782
245 1 0 _aObras completas /
_cStendhal ; recopilación, traducción ensayo biográfico y prólogos Consuelo Berges.
250 _a2a ed.
260 _aMadrid :
_bAguilar,
_c1964.
300 _a3 v. :
_bil. ;
_c18 cm.
500 _aIncluye índice.
504 _aIncluye referencias bibliográficas y notas al pie de las páginas.
500 _aLa biblioteca posee el tomos 3.
505 2 _gv.1 :
_tVidas de Haydn, Mozart y Metastasio.
_tHistoria de la pintura en Italia.
_tAnexo: Variedades sobre arte.
_tRoma, Nápoles y Florencia.
_tDel amor.
_tAnexo: Consulta de Banti sobre la duquesa de Bérulle.
_tRacine y Shakespeare.
_gv. 2 :
_tVida de Rossini.
_tAnexo: notas de un "Dilettante".
_tArmancia. De algunas escenas de un salón de París en 1827.
_tPaseos por Roma.
_tRojo y negro.
_tCiclo autobiográfico.
_tVida de Enrique Brulard.
_gv. 3 :
_tCiclo autobiográfico (continuación).
_tDiario.
_tRecuerdos de egotismo.
_tCrónicas italianas.
_tLa abadesa de Castro.
_tVittorio Accoramboni.
_tLos Cenci.
_tLa Duquesa de Palliano.
_tSan Francesco a Ripa.
_tVanina Vanini.
_tFavores que matan.
_tSuora scolastica.
_tFragmentos de literatura.
_tNovelas y cuentos.
_tRosa y verde.
_tMina de Vanghel.
_tRecuerdos de un caballero italiano.
_tEl judío (Filippo Ebreo).
_tEl arca y el aparecido.
_tEl filtro.
_tEl caballero de saint Ismier.
_tFiliberto Lescale.
_tFéder (El marido de plata).
_tUna posición social.
_tNapoleón.
_gv. 4 :
_tLuciano Leuwen.
_tMemorias de un turista.
_tLamiel.
_tLa cartuja de parma.
650 4 _aNovela francesas
_xColecciones
_947410
650 4 _aLitreratura francesa
_ySIGLO XIX
_947411
700 1 _aBerges, Consuelo,
_etr.
_epról.
_913601
049 _aBNGR
999 _c24345
_d24345